| 000 | 00000nam##2200000za#4500 |
| 001 | 9.617093 |
| 003 | CaOODSP |
| 005 | 20210615101949 |
| 007 | ta |
| 008 | 150406|2004||||xxc||||| f|0| 0 eng|d |
| 040 | |aCaOODSP|beng |
| 043 | |an-cn--- |
| 086 | 1 |aNH18-22/104-112E |
| 110 | 2 |aCanada Mortgage and Housing Corporation. |
| 245 | 10|aCanadian home inspectors and building officials national initiative phase two : |bdevelopment of national certification and accreditation models |
| 260 | |bCanada Mortgage and Housing Corporation |c2004. |
| 300 | |a[4]p. ; |c28 cm. |
| 490 | 1 |aResearch highlight. Technical series|v04-112 |
| 520 | 3 |aThese technical papers summarize a wide range of housing-related studies, reports, and manuals. They examine issues as diverse as low-maintenance northern landscaping; policy options for achieving healthy indoor air quality; and various aspects of building performance, including high-rise building envelope performance, performance of various building materials, and evaluations of district heating systems. |
| 563 | |aPamphlet |
| 590 | |a04-41|b2004-10-08 |
| 775 | 08|tDeuxième phase de l'initiative nationale visant les inspecteurs en bâtiment et les agents du bâtiment du Canada : |w(CaOODSP)9.626718 |
| 776 | 0#|tCanadian home inspectors and building officials national initiative phase two : |w(CaOODSP)9.581163 |
| 830 | #0|aResearch highlight. Technical series ;|v04-112|w(CaOODSP)9.514826 |